Dialogos en Pediatria (Registro nro. 2971)

Detalles MARC
000 -LEADER
fixed length control field 00287dam a22001097a 4500
008 - FIXED-LENGTH DATA ELEMENTS--GENERAL INFORMATION
fixed length control field 190521e1990 cl ||||| |||| 00| 0 spa d
100 ## - MAIN ENTRY--PERSONAL NAME
Personal name Meneghello Rivera, Julio
9 (RLIN) 344
245 ## - TITLE STATEMENT
Title Dialogos en Pediatria
250 ## - EDITION STATEMENT
Edition statement 1a ed.
260 ## - PUBLICATION, DISTRIBUTION, ETC. (IMPRINT)
Place of publication, distribution, etc Santiago [Chile]
Name of publisher, distributor, etc Mediterraneo
Date of publication, distribution, etc 1990
500 ## - GENERAL NOTE
General note Baja
Existencias
Withdrawn status Lost status Source of classification or shelving scheme Damaged status Use restrictions Not for loan Location (home branch) Sublocation or collection (holding branch) Date acquired Koha issues (times borrowed) Piece designation (barcode) Koha date last seen Copy number Price effective from Koha item type Public note
    Dewey Decimal Classification   Restricted Access Not For Loan Biblioteca Medicina Biblioteca Medicina 21/05/2019   1638 21/05/2019 Ej.1 V. 1 21/05/2019 Libros Baja
    Dewey Decimal Classification   Restricted Access Not For Loan Biblioteca Medicina Biblioteca Medicina 21/05/2019   1639 21/05/2019 Ej.1 V. 2 21/05/2019 Libros Baja
    Dewey Decimal Classification   Restricted Access Not For Loan Biblioteca Medicina Biblioteca Medicina 21/05/2019   1640 21/05/2019 Ej.1 V. 3 21/05/2019 Libros Baja

UNIVERSIDAD NACIONAL DEL COMAHUE
Biblioteca de la Facultad de Ciencias Médicas
Sede Toschi: Los Arrayanes y Av. Toschi, Cipolletti  - Rio Negro
Sede Los Tordos:  Yrigoyen al 2211, Cipolletti - Rio Negro 

Teléfono: 0299 - 4774707 int 25
Contacto: biblioteca@facimed.uncoma.edu.ar
© 2011 - 2026